Conciencia violencia y la política de la memoria en Guatemala /
保存先:
| 第一著者: | |
|---|---|
| フォーマット: | テキスト |
| 主題: | |
| タグ: |
タグ追加
タグなし, このレコードへの初めてのタグを付けませんか!
|
MARC
| LEADER | 00000 a a2200000 04500 | ||
|---|---|---|---|
| 001 | 45507 | ||
| 003 | |||
| 040 | |||
| 090 | |a REV0780 (36)1998 | ||
| 100 | |a Hale, Charles R | ||
| 245 | |a Conciencia violencia y la política de la memoria en Guatemala / |c Charles R. Hale | ||
| 650 | |a VIOLENCIA | ||
| 650 | |a HISTORIA SOCIAL | ||
| 650 | |a RESEÑAS BIBLIOGRAFICAS | ||
| 773 | |g número36, IV Epoca (1998), páginas 177-191 | ||
| 999 | |c 18200 |d 18200 | ||
